000 00662cam a2200229 4500
001 14327
003 BD-RjUL
005 20211208235617.0
008 140205r1970 1900nyua 001 0 eng
035 _a(BD-RjUL) 14379
040 _aDLC
_cDLC
_dBD-RjUL
_beng
041 _aeng
082 0 0 _a608.709
_bBYP 1970
100 1 _aByrn, Edward W.
_q(Edward Wright),
_d1849-1921.
_944715
245 1 4 _aThe progress of invention in the nineteenth century /
260 _aNew York,
_bRussell & Russell
_c1970
300 _a476 p. :
_billus. ;
_c25 cm.
650 0 _aInventions
_xHistory.
_944716
942 _2ddc
_cBK
999 _c14327
_d14327